[Naimark, Norman M.: Stalin and the Fate of Europe]
| Titel: | [Naimark, Norman M.: Stalin and the Fate of Europe] / Balázs Apor |
|---|---|
| Verfasser: | |
| In: |
Cold war history, Band 20, Heft 2 (2020), Seite 246-248 alle Artikel anzeigen |
| Veröffentlicht: | 2020 |
| Format: | Aufsatz |
| Sprache: | Englisch |
X
alg: 52112433 001A $03025:05-09-24 001B $03025:05-09-24 $t13:19:25.000 001D $03025:05-09-24 001U $0utf8 001X $00 002@ $0Oou 002C $aText $btxt $2rdacontent 002D $aComputermedien $bc $2rdamedia 002E $aOnline-Ressource $bcr $2rdacarrier 003@ $0521124336 009Q $uhttps://doi.org/10.1080/14682745.2020.1746007 $xVolltext 010@ $aeng 010E $erda 011@ $a2020 013D $#Newspapers Sections, columns, etc. Reviews $#Book reviewing $#Journaux Cahiers, chroniques, etc. Comptes rendus $#Livres Recension $#Rezension $#Buchbesprechung $#Buchrezension $#Buchkritik $74049712-4 $8Rezension [Ts1] $9085138568 021A $a[Naimark, Norman M.: Stalin and the Fate of Europe] $hBalázs Apor 028A $BVerfasser $4aut $7142561584 $8Apor, Balázs$Z1976- [Tp3] $9227952375 031A $d20 $e2 $h246-248 $j2020 039B $aEnthalten in $8--Obvc--. Cold war history. - London : Cass, 2000-. - Online-Ressource. - ISSN 1743-7962 $x202000000200002754 $9104512997 039T $aRezension von $8--Aau--Naimark, Norman M.$Z1944- [Tp1]. Stalin and the fate of Europe. - Cambridge, Massachusetts : The Belknap Press of Harvard University Press, 2019. - 361 Seiten. - Illustrationen, Karten. - ISBN 978-0-674-23877-0 $9454917953 045F $a909 $eDDC23BSB 045F/01 $a909 045F/03 $f09044 045F/03 $g4 045F/03 $g438 045F/03 $g4708 lok: 52112433 78 exp: 52112433 78 1 #EPN 201B/01 $005-09-24 $t13:16:19.000 201C/01 $005-09-24 201U/01 $0utf8 203@/01 $01269868012 208@/01 $a05-09-24 $be 209A/01 $a/ $f000 $x00 209A/01 $ab*p $x01 220C/01 $apgar 244Z/01 $#Generalgouvernement Polen $#Polska $#Rzeczpospolita Polska $#Polska Rzeczpospolita Ludowa $#Poland $#Pologne $#République Polonaise $#Generalne Gubernatorstwo w Polsce $#Polish People's Republic $#Polska Rzeczpospolita Polen $#PRL $#RP $#Polen Generalgouvernement $#Polska Generalgouvernement $#Besetzte Polnische Gebiete $#Besetztes Gebiet in Polen $#Okupowane Polskie Obszary $#Obszary Okupowane w Polsce $#Volksrepublik Polen $#Polska Rosyjska $#Republic Polen $#Respublika Pol'ša $#Pol'skaja Narodnaja Respublika $#République de Pologne $#Polen Links der Weichsel $#Polska po Lewej Stronie Wisły $#Lenkija $#Polija $#Gubernija Carstva Pol'skago $#Republik Polen $74046496-9 $8--Tg1--Polen $x01 $9085129801 247C/01 $82080>Marburg/Lahn, Herder-Institut, Forschungsbibliothek, Bibliographieportal $9336309341
| LEADER | 00000caa a2200000 c 4500 | ||
|---|---|---|---|
| 001 | 521124336 | ||
| 003 | DE-603 | ||
| 005 | 20240905131925.0 | ||
| 007 | cr|||||||||||| | ||
| 008 | 240905s2020 xx |||| o| u00||u|eng c | ||
| 035 | |a (DE-599)HEB521124336 | ||
| 040 | |a DE-603 |b ger |c DE-603 |d DE-603 |e rda | ||
| 041 | |a eng | ||
| 082 | 0 | 4 | |8 1\u |a 909 |q DE-101 |2 23/BSB |
| 085 | |8 1\u |b 909 | ||
| 085 | |8 1\u |z 1 |s 09044 | ||
| 085 | |8 1\u |z 2 |s 4 | ||
| 085 | |8 1\u |z 2 |s 438 | ||
| 085 | |8 1\u |z 2 |s 4708 | ||
| 100 | 1 | |a Apor, Balázs |d 1976- |e Verfasser |4 aut |0 (DE-603)227952375 |0 (DE-588)142561584 |2 gnd | |
| 245 | 0 | 0 | |a [Naimark, Norman M.: Stalin and the Fate of Europe] |c Balázs Apor |
| 264 | 0 | |c 2020 | |
| 336 | |a Text |b txt |2 rdacontent | ||
| 337 | |a Computermedien |b c |2 rdamedia | ||
| 338 | |a Online-Ressource |b cr |2 rdacarrier | ||
| 655 | 7 | |a Rezension |2 gnd-content |0 (DE-588)4049712-4 |0 (DE-603)085138568 | |
| 773 | 0 | 8 | |i Enthalten in |t Cold war history |d London : Cass, 2000- |h Online-Ressource |x 1743-7962 |g Band 20, Heft 2 (2020), Seite 246-248 |w (DE-603)104512997 |w (DE-600)2077986-0 |
| 787 | 0 | 8 | |i Rezension von |a Naimark, Norman M., 1944- |t Stalin and the fate of Europe |d Cambridge, Massachusetts : The Belknap Press of Harvard University Press, 2019 |h 361 Seiten, Illustrationen, Karten |z 9780674238770 |w (DE-603)454917953 |
| 856 | |u https://doi.org/10.1080/14682745.2020.1746007 | ||
| 924 | 1 | |9 2080 |a (DE-603)1269868012 |b DE-2080 |c HES |d d |g / | |


